00474nam a22001577a 4500010001500000020002600015035001400041037001300055082001000068100002300078245007200101260003100173270003800204300002100242500005300263 aENG-120530 a9788179261040c250.00 aEN-104062 bDBAD/PUB a509.2 aRoy, Biman Chandra aStar man :bthe universe of stephen hawking /cby Biman Chandra Roy aKolkatabBest books c2016 a1A College Row, bKolKatae700009 a208p.b21cm(Hb). a Includes bibliographical references and index